<?xml version="1.0" encoding="UTF-8"?>
<record
    xmlns:xsi="http://www.w3.org/2001/XMLSchema-instance"
    xsi:schemaLocation="http://www.loc.gov/MARC21/slim http://www.loc.gov/standards/marcxml/schema/MARC21slim.xsd"
    xmlns="http://www.loc.gov/MARC21/slim">

  <leader>01578nam a2200265 i 4500</leader>
  <controlfield tag="003">DO-SdBNP</controlfield>
  <controlfield tag="005">20250711115734.0</controlfield>
  <controlfield tag="007">ta</controlfield>
  <controlfield tag="008">250711b2006    sp abc|| |||| 00| 0 spa d</controlfield>
  <datafield tag="040" ind1=" " ind2=" ">
    <subfield code="a">DO-SdBNP</subfield>
    <subfield code="b">spa</subfield>
    <subfield code="c">BNPHU</subfield>
    <subfield code="e">rda</subfield>
  </datafield>
  <datafield tag="041" ind1=" " ind2=" ">
    <subfield code="a">spa</subfield>
  </datafield>
  <datafield tag="082" ind1=" " ind2="4">
    <subfield code="a">xxx</subfield>
    <subfield code="b">C719q</subfield>
    <subfield code="2">22</subfield>
  </datafield>
  <datafield tag="245" ind1="1" ind2="0">
    <subfield code="a">500 Anni Dopo Colombo :</subfield>
    <subfield code="b">Atti dell'incontro storico culturale su Cristoforo Colombo /</subfield>
    <subfield code="c">Fondazione Casa America, Genova.</subfield>
  </datafield>
  <datafield tag="246" ind1=" " ind2=" ">
    <subfield code="a">Quinientos a&#xF1;os despu&#xE9;s de Col&#xF3;n Crist&#xF3;bal Actas de la reuni&#xF3;n en la Casa Am&#xE9;rica de G&#xE9;nova.</subfield>
  </datafield>
  <datafield tag="264" ind1=" " ind2=" ">
    <subfield code="a">G&#xE9;nova :</subfield>
    <subfield code="b">Fondazione Casa America, Genova, </subfield>
    <subfield code="c">2006.</subfield>
  </datafield>
  <datafield tag="300" ind1=" " ind2=" ">
    <subfield code="a">136 p&#xE1;ginas :</subfield>
    <subfield code="b">ilustraciones, mapas, retratos ;</subfield>
    <subfield code="c">23 cm. </subfield>
  </datafield>
  <datafield tag="336" ind1=" " ind2=" ">
    <subfield code="a">texto</subfield>
    <subfield code="b">txt</subfield>
    <subfield code="2">rdacontent</subfield>
  </datafield>
  <datafield tag="337" ind1=" " ind2=" ">
    <subfield code="a">sin mediaci&#xF3;n </subfield>
    <subfield code="b">n</subfield>
    <subfield code="2">rdamedia</subfield>
  </datafield>
  <datafield tag="338" ind1=" " ind2=" ">
    <subfield code="a">volumen</subfield>
    <subfield code="b">nc</subfield>
    <subfield code="2">rdacarrier</subfield>
  </datafield>
  <datafield tag="500" ind1=" " ind2=" ">
    <subfield code="a">Incluye referencias bibliogr&#xE1;ficas y notas al pie de las p&#xE1;ginas</subfield>
  </datafield>
  <datafield tag="505" ind1=" " ind2=" ">
    <subfield code="a">Roberto Speciale --</subfield>
    <subfield code="t">Anna Castellano --</subfield>
    <subfield code="t">Crist&#xF3;bal Col&#xF3;n XX -- </subfield>
    <subfield code="t">Cristoforo Colombo e le grandi famiglie genovesi del suo tempo /</subfield>
    <subfield code="r">Gabriella Airaldi--


</subfield>
    <subfield code="t">&#xDA;ltimos d&#xED;as y muerte de Crist&#xF3;bal Col&#xF3;n /
 </subfield>
    <subfield code="r">Alfonso Assini --</subfield>
    <subfield code="r">Sara Alonso G&#xF3;mez --

</subfield>
    <subfield code="r">Andr&#xE9; Brea Cabrera --</subfield>
  </datafield>
  <datafield tag="520" ind1=" " ind2=" ">
    <subfield code="a">Este libro re&#xFA;ne los actos o las actas de un encuentro hist&#xF3;rico-cultural dedicado a Cristoforo Colombo, organizado para conmemorar el quinto centenario de su llegada a Am&#xE9;rica. A trav&#xE9;s de una serie de conferencias, exposiciones y mesas redondas, se exploran diversos aspectos de la figura de Colombo, su legado y su impacto en la historia mundial.</subfield>
  </datafield>
  <datafield tag="910" ind1=" " ind2=" ">
    <subfield code="a">LP</subfield>
  </datafield>
  <datafield tag="942" ind1=" " ind2=" ">
    <subfield code="2">ddc</subfield>
    <subfield code="c">LBS1</subfield>
  </datafield>
  <datafield tag="952" ind1=" " ind2=" ">
    <subfield code="0">0</subfield>
    <subfield code="1">0</subfield>
    <subfield code="2">ddc</subfield>
    <subfield code="5">1</subfield>
    <subfield code="7">0</subfield>
    <subfield code="8">PD</subfield>
    <subfield code="a">BNPHU</subfield>
    <subfield code="b">BNPHU</subfield>
    <subfield code="c">HD</subfield>
    <subfield code="d">2025-07-11</subfield>
    <subfield code="e">Donaci&#xF3;n</subfield>
    <subfield code="l">0</subfield>
    <subfield code="o">xxx C719q</subfield>
    <subfield code="p">2025-6438</subfield>
    <subfield code="r">2025-07-11</subfield>
    <subfield code="w">2025-07-11</subfield>
    <subfield code="y">LBS1</subfield>
  </datafield>
  <datafield tag="999" ind1=" " ind2=" ">
    <subfield code="c">59505</subfield>
    <subfield code="d">59505</subfield>
  </datafield>
</record>
